MARC details
| 000 -LEADER |
| fixed length control field |
01719nam a2200253 a 4500 |
| 008 - FIXED-LENGTH DATA ELEMENTS--GENERAL INFORMATION |
| fixed length control field |
130517s2012 ||||||||||||||||| || u |
| 010 ## - LIBRARY OF CONGRESS CONTROL NUMBER |
| LC control number |
2010026008 |
| 020 ## - INTERNATIONAL STANDARD BOOK NUMBER |
| International Standard Book Number |
9780702035241 |
| 050 ## - LIBRARY OF CONGRESS CALL NUMBER |
| Classification number |
RC 55 Bal |
| 100 ## - MAIN ENTRY--PERSONAL NAME |
| Personal name |
Ballinger, Anne |
| 245 10 - TITLE STATEMENT |
| Title |
Essentials of Kumar & Clark's clinical medicine. (5th ed.) |
| Statement of responsibility, etc. |
by Anne Ballinger |
| 246 ## - |
| -- |
Essentials of Kumar and Clark's clinical medicine |
| 250 ## - EDITION STATEMENT |
| Edition statement |
5th ed. |
| 260 ## - PUBLICATION, DISTRIBUTION, ETC. |
| Place of publication, distribution, etc. |
Edinburgh |
| Name of publisher, distributor, etc. |
Saunders Elsevier |
| Date of publication, distribution, etc. |
2012 |
| 300 ## - PHYSICAL DESCRIPTION |
| Extent |
xxiii, 869 p.: ill. |
| 350 ## - |
| -- |
47.95 |
| 500 ## - GENERAL NOTE |
| General note |
SCHOOL OF MEDICINE |
| 505 ## - |
| -- |
Ethics and communication -- Infectious diseases -- Gastroenterology and nutrition -- Liver, biliary tract, and pancreatic disease -- Haematological disease -- Malignant disease -- Rheumatology -- Water, electrolytes, and acid-base balance -- Renal disease -- Cardiovascular disease -- Respiratory disease -- Intensive care medicine -- Drug therapy, poisoning, and alcohol misuse -- Endocrine disease -- Diabetes mellitus and other disorders of metabolism -- The special senses -- Neurology -- Dermatology. |
| 650 ## - SUBJECT ADDED ENTRY--TOPICAL TERM |
| Topical term or geographic name entry element |
CLINICAL MEDICINE--HANDBOOKS |
| 650 #0 - SUBJECT ADDED ENTRY--TOPICAL TERM |
| Topical term or geographic name entry element |
CLINICAL MEDICINE-- HANDBOOKS, MANUALS, ETC |
| 995 ## - |
| -- |
MEDICAL LIBRARY OPEN ACCESS |
| -- |
902721 |
| -- |
CBU-SCHOOL OF MEDICINE LIBRARY (Ndola) |
| -- |
47.95 |
| -- |
RC 55 Bal |
| -- |
2 |
| -- |
AVAILABLE |
| -- |
Mar 4, 2015 |
| -- |
902721 |
| -- |
Medical Library Open Access Collection |
| 995 ## - |
| -- |
MEDICAL LIBRARY OPEN ACCESS |
| -- |
902722 |
| -- |
CBU-SCHOOL OF MEDICINE LIBRARY (Ndola) |
| -- |
47.95 |
| -- |
RC 55 Bal |
| -- |
3 |
| -- |
OUT |
| -- |
Mar 4, 2015 |
| -- |
902722 |
| -- |
Medical Library Open Access Collection |
| 995 ## - |
| -- |
MEDICAL LIBRARY OPEN ACCESS |
| -- |
901955 |
| -- |
CBU-SCHOOL OF MEDICINE LIBRARY (Ndola) |
| -- |
RC 55 Bal |
| -- |
1 |
| -- |
OUT |
| -- |
May 17, 2013 |
| -- |
901955 |
| -- |
Medical Library Open Access Collection |
| 999 ## - |
| -- |
63841 |
| -- |
63841 |